000 00653nam a22002177a 4500
003 OSt
005 20140310181940.0
008 130724t xxu||||| |||| 00| 0 eng d
020 _a0140620516
050 _aPR 5485
_b.St847 1994
082 _aCLA St4s
_b1994
100 _aStevenson, Robert Louis
_91663
245 _aThe strange case of Dr. Jekylle and Mr Hyde /
_cRobert Louis Stevenson.
260 _aLondon :
_bPenguin Group,
_cc1994.
300 _a88 p. ;
_c18 cm.
541 _j1
562 _e1
650 _aGood and evil--Fiction
_91664
650 _aPhysicians--England--London--Fiction.
_91665
942 _2lcc
_cBBK
_kCLA
999 _c7632
_d7632